Pays sous le niveau de la mer - Statistiques

Statistiques générales
  • Ce quiz a été pris 82 fois
  • Le résultat moyen est 15 sur 30
Statistiques - réponses
Continent Point le plus bas Pays % Correct
Europe -14m Pays-Bas
84%
Amérique du Nord -86m États-Unis
70%
Asie -154m Chine
68%
Europe -4m France
68%
Afrique -40m Algérie
66%
Afrique -133m Égypte
64%
Asie -28m Russie
64%
Océanie -13m Australie
63%
Afrique -55m Maroc
63%
Asie -4m Japon
62%
Asie -432m Israël
61%
Amérique du Nord -10m Mexique
61%
Asie -15m Inde
58%
Europe -4m Allemagne
55%
Amérique du Sud -105m Argentine
54%
Europe -3m Italie
53%
Europe -4m Royaume-Uni
53%
Amérique du Sud -34m Pérou
51%
Europe -2m Suède
49%
Europe -2m Pologne
47%
Asie -28m Iran
42%
Asie -432m Jordanie
41%
Asie -138m Kazakhstan
37%
Afrique -126m Éthiopie
36%
Asie -28m Turkménistan
25%
Afrique -153m Djibouti
24%
Asie -28m Azerbaïdjan
22%
Amérique du Sud -2m Guyana
22%
Afrique -5m Mauritanie
22%
Amérique du Nord -40m République Dominicaine
21%
Aucun quiz correspondant
Distribution des résultats
% des personnes avec chaque résultat
Percentile par nombre de réponses
Votre historique - résultats
Vous n’avez pas pris ce quiz